| 000 | 00363nam a22001577a 4500 | ||
|---|---|---|---|
| 020 | _a9789370986992 | ||
| 082 |
_aM3 _bKIN/K |
||
| 100 | _aKing Johns | ||
| 245 |
_aKotharani/ _cby King Johns |
||
| 260 |
_aKottayam: _bDC Books, _c2025. |
||
| 300 | _a306p. | ||
| 650 | _aNovel Malayalam | ||
| 650 | _aLiterature Malayalam | ||
| 650 | _aLiterature | ||
| 942 | _cBK | ||
| 999 |
_c181984 _d181984 |
||